[Event "ITA-ch sf 82nd"]
[Site "Villesse"]
[Date "2023.07.17"]
[Round "4"]
[White "Girolamo, Nicolo`"]
[Black "Pozzari, Simone"]
[Result "0-1"]
[WhiteElo "1962"]
[BlackElo "2111"]
[PlyCount "81"]
[EventDate "2023.07.15"]
[EventType "swiss"]
[EventRounds "9"]
[EventCountry "ITA"]
[SourceTitle "CBM 215 Extra"]
[Source "ChessBase"]
[SourceDate "2023.09.30"]
[SourceVersion "1"]
[SourceVersionDate "2023.09.30"]
[SourceQuality "1"]

1. d4 e6 2. c4 b6 3. Nc3 Bb7 4. e4 Bb4 5. Bd3 f5 6. Qh5+ g6 7. Qe2 Nf6 8. Bg5 fxe4 9. Bxe4 Bxe4 10. Bxf6 Qxf6 11. Qxe4 Nc6 12. Nf3 0-0-0 13. 0-0 Bxc3 14. bxc3 d5 15. Qe2 dxc4 16. Qxc4 e5 17. dxe5 Nxe5 18. Nxe5 Qxe5 19. Rfe1 Qf6 20. Re6 Qf7 21. Rae1 Rhe8 22. Qa6+ Kb8 23. Rxe8 Rxe8 24. Rxe8+ Qxe8 25. Kf1 Qe5 26. Qd3 Qxh2 27. Qd8+ Kb7 28. Qd5+ c6 29. Qe4 Qh1+ 30. Ke2 Qh5+ 31. g4 Qb5+ 32. Ke3 Qc5+ 33. Qd4 Qxd4+ 34. Kxd4 g5 35. Ke5 b5 36. Kf6 h6 37. Kg6 c5 38. Kxh6 c4 39. Kxg5 b4 40. Kf4 b3 41. Kg5 0-1